Score 0/23 Timer 04:00
0 Plays Today
% Correct
Hawaii
93.5%
Texas
92.6%
Connecticut
88.2%
Pennsylvania
82.6%
New Jersey
82.5%
California
73.7%
Alabama
72.5%
South Carolina
66.9%
Florida
61.9%
Mississippi
53.9%
Massachusetts
48.8%
Maryland
48%
% Correct
Virginia
45.3%
North Carolina
45.2%
Michigan
43.2%
Illinois
41.3%
Indiana
38.2%
Kansas
37.8%
Kentucky
31.1%
Louisiana
30.1%
Ohio
27.2%
Oregon
22.1%
Utah
20.8%
Remove Ads.
Support Sporcle.
Get the best of Sporcle when you Go Orange. This ad-free experience offers more features, more stats, and more fun while also helping to support Sporcle. Thank you for becoming a member.

You're not logged in!

Compare scores with friends on all Sporcle quizzes.
OR
Log In

Show Comments

Extras

Top Quizzes Today


Score Distribution

Your Account Isn't Verified!

In order to create a playlist on Sporcle, you need to verify the email address you used during registration. Go to your Sporcle Settings to finish the process.

Report this User

Report this user for behavior that violates our Community Guidelines.

Details: